| 000 | 00770nam a2200205 a 4500 | ||
|---|---|---|---|
| 001 | 000027601 | ||
| 005 | 20250621074007.0 | ||
| 008 | 110401s1947 dr c 000 0 spa d | ||
| 082 |
_a972.93 _bP424r |
||
| 100 | 1 |
_aPepper B, José Vicente _954694 |
|
| 245 | 1 | 0 |
_aRealidades dominicanas / _cJosé Vicente Pepper y Graciela Rincón-Calcaño de Pepper. |
| 260 |
_aCiudad Trujillo, República Dominicana : _bMontalvo, _c1947. |
||
| 300 |
_a378 p : _bil., retrs. ; _c24 cm. |
||
| 651 | 4 |
_aRepública Dominicana _xHistoria _9170 |
|
| 651 | 0 |
_aRepública Dominicana _xPolítica y gobierno _945 |
|
| 651 | 4 |
_aRepública Dominicana _xCondiciones Sociales _946 |
|
| 700 | 1 | 2 |
_aRincón-Calcaño de , Graciela. _954695 |
| 910 | _aValidado. Control de calidad MFF | ||
| 999 |
_c27093 _d27093 |
||
| 040 | _aDO-SdBNP | ||